| 000 | 00957nam a2200337 b 4500 | ||
|---|---|---|---|
| 001 | 0000627 | ||
| 003 | DO-SdBPM | ||
| 005 | 20250801125724.0 | ||
| 007 | ta | ||
| 008 | 0506172010 mx spa | ||
| 017 |
_a _b |
||
| 020 | _a9786071104786 | ||
| 035 | _a | ||
| 040 |
_aDO-SdBPM _bspa _cBPMSU _e rda |
||
| 082 | 4 |
_a158.1 _bL925d 2010 _222 |
|
| 100 | 1 | _aLozano, César | |
| 245 | 1 | 0 |
_a¡Despierta!... que la vida sigue _breflexiones para disfrutar plenamente la vida / _cCésar Lozano _h |
| 250 | _a | ||
| 260 | _b | ||
| 264 |
_aMéxico : _bSantillana ediciones generales, _c2010. |
||
| 300 |
_a135 páginas . : _c24 cm |
||
| 336 |
_atexto _btxt _2rdacontent |
||
| 337 |
_asin mediación _bn _2rdamedia |
||
| 338 |
_avolumen _bnc _2rdacarrier |
||
| 590 | _aInventariado, 2025/VM | ||
| 650 | 7 | _aCalidad de vida | |
| 650 | 7 | _a Estilo de vida | |
| 650 | 7 | _aPlenitud. | |
| 910 | _aVMateo V. Control de caldiad. BPMSU | ||
| 942 |
_2ddc _cBK |
||
| 999 |
_c11232 _d11232 |
||